| 000 | 02104cam a2200325 i 4500 | ||
|---|---|---|---|
| 001 | 18125785 | ||
| 003 | Nust- CAS-E | ||
| 005 | 20180118181405.0 | ||
| 008 | 140411s2014 enka 001 0 eng c | ||
| 010 | _a 2013039738 | ||
| 020 | _a9781118501016 (cloth) | ||
| 020 | _a9781118501009 (pbk.) | ||
| 040 |
_aOU/DLC _beng _cOU _erda _dDLC |
||
| 042 | _apcc | ||
| 050 | 0 | 0 |
_aQC311 _b.H3273 2014 |
| 082 | 0 | 0 |
_a536 _223 _bHAR-T 2014 |
| 100 | 1 |
_aHardy, Robert J., _d1935- _eauthor. |
|
| 245 | 1 | 0 |
_aThermodynamics and statistical mechanics : _ban integrated approach / _cRobert J. Hardy and Christian Binek, Department of Physics, University of Nebraska-Lincoln, USA. |
| 300 |
_axiv, 518 pages _billustrations, _c25 cm |
||
| 500 | _aIncludes index. | ||
| 502 | _a0 | ||
| 505 | 0 | _aFirst law of thermodynamics -- Properties and partial derivatives -- Processes in gases -- Phase transitions -- Reversible and irreversible processes -- The second law and carnot cycles -- Temperature scales and absolute zero -- State space and differentials -- Entropy -- Consequences of existence of entropy -- Thermodynamic potentials -- Phase transitions and open systems -- Dielectric and magnetic systems -- Molecular models -- Kinetic theory of gases -- Microscopic significance of entropy -- Ensembles -- Partition function -- Quantum systems -- Independent particles and paramagnetism -- Fluctuations and energy distributions -- Generalizations and diatomic gasesi -- Photons and phonons -- Grand canonical ensemble -- Fermions and bosons -- Fermi and bose gases -- Inter-particle interactions -- Computer simulations. | |
| 650 | 0 |
_aThermodynamics _vTextbooks. |
|
| 650 | 0 |
_aStatistical mechanics _vTextbooks. |
|
| 700 | 1 |
_aBinek, Christian, _eauthor. |
|
| 776 | 0 | 8 |
_iOnline version: _aHardy, Robert J., 1935- author. _tThermodynamics and statistical mechanics _dChichester, West Sussex : John Wiley & Sons Inc., 2014 _z9781118676370 _w(DLC) 2014016884 |
| 906 |
_a7 _bcbc _corignew _d1 _eecip _f20 _gy-gencatlg |
||
| 942 |
_2ddc _cBK |
||
| 999 |
_c355556 _d355556 |
||